Organizational behaviour / (Record no. 18778)
[ view plain ]
| 000 -LEADER | |
|---|---|
| fixed length control field | 00707nam a22001937a 4500 |
| 005 - DATE AND TIME OF LATEST TRANSACTION | |
| control field | 20241217102043.0 |
| 008 - FIXED-LENGTH DATA ELEMENTS--GENERAL INFORMATION | |
| fixed length control field | 240126b ||||| |||| 00| 0 eng d |
| 020 ## - INTERNATIONAL STANDARD BOOK NUMBER | |
| International Standard Book Number | 9789391771102 |
| 082 ## - DEWEY DECIMAL CLASSIFICATION NUMBER | |
| Classification number | DC 658.3 B545 2022 |
| 100 ## - MAIN ENTRY--PERSONAL NAME | |
| Personal name | Biswas, Debasish. |
| 9 (RLIN) | 50839 |
| 245 ## - TITLE STATEMENT | |
| Title | Organizational behaviour / |
| Statement of responsibility, etc. | Debasish Biswa, Nirmal Chandra Roy, and Amrita Chatterjee. |
| 260 ## - PUBLICATION, DISTRIBUTION, ETC. (IMPRINT) | |
| Place of publication, distribution, etc. | New Delhi : |
| Name of publisher, distributor, etc. | Crescent Publishing Corporation, |
| Date of publication, distribution, etc. | ©2022. |
| 300 ## - PHYSICAL DESCRIPTION | |
| Extent | xxiii, 328 pages : |
| Other physical details | illustrations ; |
| Dimensions | 22 cm. |
| 500 ## - GENERAL NOTE | |
| General note | Includes glossary and bibliography. |
| 650 ## - SUBJECT ADDED ENTRY--TOPICAL TERM | |
| Topical term or geographic name as entry element | Organizational behavior. |
| 9 (RLIN) | 51628 |
| 700 ## - ADDED ENTRY--PERSONAL NAME | |
| Personal name | Roy, Nirmal Chandra. |
| Relator term | author. |
| 9 (RLIN) | 50840 |
| 700 ## - ADDED ENTRY--PERSONAL NAME | |
| Personal name | Chatterjee, Amrita. |
| Relator term | author. |
| 9 (RLIN) | 50841 |
| 942 ## - ADDED ENTRY ELEMENTS (KOHA) | |
| Source of classification or shelving scheme | Dewey Decimal Classification |
| Koha item type | Circulation |
| Withdrawn status | Lost status | Source of classification or shelving scheme | Damaged status | Not for loan | Collection code | Home library | Current library | Shelving location | Date acquired | Source of acquisition | Cost, normal purchase price | Total Checkouts | Full call number | Barcode | Date last seen | Date last checked out | Price effective from | Koha item type |
|---|---|---|---|---|---|---|---|---|---|---|---|---|---|---|---|---|---|---|
| Dewey Decimal Classification | Circulation | UM Digos College - LIC | UM Digos College - LIC | Book Cart | 08/08/2023 | Purchased | 3885.00 | 6 | DC 658.3 B545 2022 | 27524 | 10/02/2025 | 09/26/2025 | 01/26/2024 | Circulation |
